| 000 | 00824nam a2200241 a 4500 | ||
|---|---|---|---|
| 001 | 1497 | ||
| 003 | BR-CuiBMT | ||
| 005 | 20231212191934.0 | ||
| 008 | 231212s2014 peba 000 0 por d | ||
| 020 | _a9788589019101 | ||
| 040 |
_aBR-CuiBMT _cBR-CuiBMT |
||
| 080 |
_22007 _a351.853 |
||
| 090 |
_a351.853 _bF814a |
||
| 100 | 1 | _aFrança, Eduardo | |
| 245 | 1 | 0 |
_aAuditoria cultural : _bintervenções em bens culturais afetados por proteção legal / _cEduardo França ; José Odilo de Caldas Brandão Filho. |
| 260 |
_aRecife : _bTribunal de Contas do Estado do Pernambuco, _c2014. |
||
| 300 |
_a88 p. : _bil. color. ; _c25 cm |
||
| 504 | _aInclui bibliografia. | ||
| 650 | _aPatrimônio cultural | ||
| 650 |
_aTribunal de Contas _zPernambuco |
||
| 700 | 1 |
_aBrandão Filho, José Odilo de Caldas _d1965- |
|
| 942 |
_2udc _cLV |
||
| 999 |
_c1497 _d1497 |
||